Les 12 Titans primordiaux - Statistiques

Statistiques générales
  • Ce quiz a été pris 22 fois
  • Le résultat moyen est 3 sur 12
Statistiques - réponses
Nom Réponse % Correct
Roi des Titans Cronos
95%
Titan de la mortalité Japet
42%
Titanide de la fertilité et de la maternité Rhéa
42%
Titan des fleuves, de la mer et des océans Océanos
37%
Titan de la lumière Hypérion
21%
Titanie de l'eau, des rivières et des sources Téthys
21%
Titanide de la mémoire et du souvenir Mnémosyne
16%
Titanide de l'ordre, de la loi et de la justice Thémis
16%
Titan de l'asntronomie Crios
11%
Titan de l'intellect et des constellations Koios/Ceos
11%
Tianide de l'intellect et des prophéties Phébé
11%
Titanide de la vue Théia
5%
Aucun quiz correspondant
Distribution des résultats
% des personnes avec chaque résultat
Percentile par nombre de réponses
Votre historique - résultats
Vous n’avez pas pris ce quiz